000 01077nam a22002537a 4500
005 20110722153014.0
008 110722t xxu||||| |||| 00| 0 mar d
010 _aMAR-21119
020 _a9789380875125
_c125.00
035 _aMR-13777
037 _bDBAD/PUB
040 _aDPL
_bMR
082 _a920
100 _aगोळे,रवींद्र
_929957
245 _aआयाबाया /
_cरवींद्र गोळे
246 _aAayabaya
_bby Ravindra Gole
260 _aमुंबई
_bपरममित्र पब्लिकेशन्स
_c2011
270 _a6,राजदुर्गा,बी कॅबीन रोड,नौपाडाटाणे(प)
_bमुंबई
_e400602
300 _aसहा,106पृ
_c21सेमी(अजिल्द)
650 _aजीवनचरित्र
_929958
650 _aBiography
_929959
942 _2ddc
_cMR
_h920
_mगोळेर
999 _c54250
_d54250